Fichte y las raíces de la filosofía contemporánea

Este libro estudia algunos conceptos y postulados teóricos del gran representante del idealismo alemán, como una influencia fundamental en la filosofía contemporánea. Se parte de la posición fichteana sobre los dualismos de la filosofía kantiana, la teoría de la ciencia y el concepto de “fundamento”...

תיאור מלא

שמור ב:
מידע ביבליוגרפי
מחבר ראשי: Alvarez González, Francisco
פורמט: ספר
שפה:Undetermined
יצא לאור: San José, Costa Rica Publicaciones de la Universidad de Costa Rica 1972
נושאים:
תגים: הוספת תג
אין תגיות, היה/י הראשונ/ה לתייג את הרשומה!

MARC

LEADER 00000nam a2200000Ia 4500
008 170316s9999 xx 000 0 und d
040 |a cru BVZT 
090 |a 100 A-16f 
100 |a Alvarez González, Francisco  |9 823 
245 |a Fichte y las raíces de la filosofía contemporánea 
260 |a San José, Costa Rica 
260 |b Publicaciones de la Universidad de Costa Rica 
260 |c 1972 
300 |a 85 páginas 
520 |a Este libro estudia algunos conceptos y postulados teóricos del gran representante del idealismo alemán, como una influencia fundamental en la filosofía contemporánea. Se parte de la posición fichteana sobre los dualismos de la filosofía kantiana, la teoría de la ciencia y el concepto de “fundamento”. Seguidamente se analiza la “yoidad” o teoría del “yo” en continuidad con los problemas de la deducción, el espacio, el tiempo y los “yos” infinitos. Finalmente, figuran cuestiones como la otredad, el Estado, la historia y la moral. 
650 |a FILOSOFÍA  |9 5 
650 |a FILOSOFÍA CONTEMPORÁNEA  |9 824 
942 |2 z  |c 15 D  |j 15 D 
999 |c 15474  |d 15474